000 00861nam a2200253Ia 4500
003 OSt
005 20220923211356.0
006 a|||||r|||| 00| 0
007 ta
008 220922b |||||||| |||| 00| 0 hin d
020 _a9788188124909 (hbk)
_c80
024 _a236,525
037 _b427, 04/03/2008, University Book House
_cTextual
040 _aARTS
_cARTS
_bhin
041 _2hin
_ahin
082 _aO152,2NSH,AM, P7
100 _aशंकर शेष
245 0 _aअरे ! मायवी सरोवर
_b नाटक
246 _aAre ! Māyavī sarovara: nāṭaka
260 _aदिल्ली
_b विकास पेपर बैक्स
_c2007
300 _a79पृ.
_ccm.
942 _hO152,2NSH,AM, P7
_cTEXL
_2CC
999 _c298892
_d298892